[Event "Athens PAO CC-ch 16th"]
[Site "Athens"]
[Date "2024.02.16"]
[Round "5"]
[White "Kiryttopoulou, Eleonora Kaisa"]
[Black "Paschalis, Efstathios"]
[Result "1/2-1/2"]
[WhiteElo "1016"]
[BlackElo "1153"]
[PlyCount "46"]
[EventDate "2024.01.19"]
[EventType "swiss"]
[EventRounds "7"]
[EventCountry "GRE"]
[SourceTitle "CB16_2024"]
[SourceDate "2024.04.17"]
[SourceVersion "1"]
[SourceVersionDate "2024.04.17"]
[SourceQuality "1"]

1. e4 c5 2. Nf3 d6 3. Bb5+ Bd7 4. Bxd7+ Nxd7 5. 0-0 g6 6. c3 Ngf6 7. Qe2 Bg7 8. d4 0-0 9. Bg5 h6 10. Bxf6 Bxf6 11. Nbd2 Bg7 12. Rfe1 a6 13. Nc4 b5 14. Ne3 e6 15. d5 e5 16. a4 Qb6 17. axb5 axb5 18. c4 b4 19. b3 Ra7 20. Nc2 Rfa8 21. Rxa7 Rxa7 22. Ra1 Rxa1+ 23. Nxa1 Qa5 1/2-1/2